Housing market processes and the inner city / (Record no. 14473)

MARC details
000 -LEADER
fixed length control field 00966cam a2200325 i 4500
001 - CONTROL NUMBER
control field 438121
003 - CONTROL NUMBER IDENTIFIER
control field 000
005 - DATE AND TIME OF LATEST TRANSACTION
control field 20170726094243.0
007 - PHYSICAL DESCRIPTION FIXED FIELD--GENERAL INFORMATION
fixed length control field 000
008 - FIXED-LENGTH DATA ELEMENTS--GENERAL INFORMATION
fixed length control field 810302s1980 enk b 000 0 eng
010 ## - LIBRARY OF CONGRESS CONTROL NUMBER
LC control number 81455868
015 ## - NATIONAL BIBLIOGRAPHY NUMBER
National bibliography number GB***
020 ## - INTERNATIONAL STANDARD BOOK NUMBER
International Standard Book Number 0862260175 (pbk.) :
Terms of availability £1.50
040 ## - CATALOGING SOURCE
Original cataloging agency UOEL
Transcribing agency DLC
Modifying agency DLC
043 ## - GEOGRAPHIC AREA CODE
Geographic area code e-uk---
050 00 - LIBRARY OF CONGRESS CALL NUMBER
Classification number HD7333.A3
Item number M84
082 00 - DEWEY DECIMAL CLASSIFICATION NUMBER
Classification number 363.5/0941
Edition number 19
100 1# - MAIN ENTRY--PERSONAL NAME
Personal name Murie, Alan.
245 10 - TITLE STATEMENT
Title Housing market processes and the inner city /
Statement of responsibility, etc. Alan Murie, Ray Forrest.
260 ## - PUBLICATION, DISTRIBUTION, ETC. (IMPRINT)
Place of publication, distribution, etc. [London] :
Name of publisher, distributor, etc. Social Science Research Council,
Date of publication, distribution, etc. c1980.
300 ## - PHYSICAL DESCRIPTION
Extent 108 p. ;
Dimensions 30 cm.
490 1# - SERIES STATEMENT
Series statement The Inner city in context ;
Volume/sequential designation 10
504 ## - BIBLIOGRAPHY, ETC. NOTE
Bibliography, etc Bibliography: p. 101-108.
650 #0 - SUBJECT ADDED ENTRY--TOPICAL TERM
Topical term or geographic name as entry element Housing
Geographic subdivision Great Britain.
Topical term or geographic name as entry element Inner cities
Geographic subdivision Great Britain.
700 1# - ADDED ENTRY--PERSONAL NAME
Personal name Forrest, Ray,
Relator term joint author.
830 #0 - SERIES ADDED ENTRY--UNIFORM TITLE
Uniform title Inner city in context ;
Volume number/sequential designation 10.
906 ## - LOCAL DATA ELEMENT F, LDF (RLIN)
a 7
b cbc
c orignew
d 4
e ncip
f 19
g y-gencatlg
942 ## - ADDED ENTRY ELEMENTS (KOHA)
Source of classification or shelving scheme Library of Congress Classification
Koha item type SES Book
Holdings
Withdrawn status Lost status Source of classification or shelving scheme Damaged status Not for loan Home library Current library Shelving location Date acquired Total Checkouts Full call number Barcode Date last seen Copy number Price effective from Koha item type
    Library of Congress Classification     UOE Main Library UOE Main Library Open shelf 26/07/2017   HD7333.A3 M84 10006590 27/04/2026 10006590 26/07/2017 SES Book